Пропуск в контексте
VuFind
Язык
English
Deutsch
Español
Français
Italiano
日本語
Nederlands
Português
Português (Brasil)
中文(简体)
中文(繁體)
Türkçe
עברית
Gaeilge
Cymraeg
Ελληνικά
Català
Euskara
Русский
Čeština
Suomi
Svenska
polski
Dansk
slovenščina
اللغة العربية
বাংলা
Galego
Tiếng Việt
Hrvatski
हिंदी
Все поля
Заглавие
Автор
Предмет
Шифр
ISBN/ISSN
Метка
Найти
Расширенный поиск
Handbook of HPLC, 2nd ed
Цитировать
Отправить на Email
Печать
Запись для экспорта
Экспорт в RefWorks
Экспорт в EndNoteWeb
Экспорт в EndNote
permanent_link
Загрузка...
Handbook of HPLC, 2nd ed
Библиографические подробности
Главный автор:
Corradini, Danilo
Фонды
Описание
Схожие документы
Marc-запись
LEADER
00182 a2200097 4500
020
260
942
|c
BB
|6
_
245
|a
Handbook of HPLC, 2nd ed
100
|a
Corradini, Danilo
999
|c
57568
|d
57568
Схожие документы
Handbook of HPLC
по: Elena Katz
Опубликовано: (1998)
Handbook of HPLC /
Опубликовано: (2011)
Handbook of HPLC /
Опубликовано: (2010)
Handbook of HPLC /
Опубликовано: (2010)
HPLC : practical and industrial applications /
Опубликовано: (2001)
Загрузка...